|
|
|
|
| LEADER |
00000cam a2200000 7i4500 |
| 001 |
0000002024 |
| 005 |
20020812.0 |
| 090 |
0 |
0 |
|a 674.142
|b PER 1984
|
| 245 |
0 |
0 |
|a PERATURAN pemeringkatan kayu keras gergaji Malaysia .
|l The Malaysian grading rules for sawn hardwood timber
|
| 250 |
0 |
0 |
|a Rev. ed.
|
| 260 |
0 |
0 |
|a Kuala Lumpur :
|b Lembaga Perindustrian Kayu Malaysia ,
|c 1984
|
| 300 |
|
|
|a 109 p. :
|b ill. ;
|c 25 cm.
|
| 650 |
0 |
0 |
|a Timber
|z Malaysia
|x Grading
|
| 710 |
1 |
1 |
|a Lembaga Perindustrian Kayu Malaysia
|
| 745 |
0 |
4 |
|a The Malaysian grading rules for sawn hardwood timber
|
| 998 |
|
|
|a JPSM
|
| 999 |
|
|
|a 0000003155
|b Monograph
|c Open Shelf
|e Default branch
|
| 999 |
|
|
|a 0000003974
|b Monograph
|c Open Shelf
|e Default branch
|